000 00489nam a2200181Ia 4500
005 20230811105259.0
008 131103s9999 xx 000 0 und d
040 _aLoreto College
041 _aEnglish
082 _aF
_bGRA
100 _aGraham,Winston
245 _aJeremy Poldark
_b a novel of Cornwall (1790 - 1791)
_cWinston Graham
260 _aGreat Britain
_bCollins/Fontana Books
_c1961
300 _a282 p.
650 _aFiction in English
850 _aLCLIB
942 _cBK
999 _c15355
_d65834